| 000 | 00958nam a22003137a 4500 | ||
|---|---|---|---|
| 003 | CHAP | ||
| 005 | 20220920175145.0 | ||
| 008 | 971013s1936 r 00010 d | ||
| 010 | _a49638 | ||
| 011 | _a50610 | ||
| 035 | _a54760 | ||
| 040 | _cCHAP | ||
| 082 |
_a634.3 _bF38 |
||
| 100 | 0 | 0 |
_aFawcett, Howard S. _939877 |
| 245 | _aCitrus diseases and their control | ||
| 250 | _a2 ed. | ||
| 260 |
_aNew York : _bMcGraw-Hill, _c1936 |
||
| 300 |
_a656 p. _b: ilus. |
||
| 590 |
_aBATCH-UPD _b10 _c20130110 |
||
| 590 |
_aBATCH-UPD _b10 _c20130410 |
||
| 590 |
_aBATCH-UPD _b10 _c20130914 |
||
| 590 |
_aCONVERSION _b10 _c20130109 |
||
| 650 | 1 | 4 |
_aCítricos _xEnfermedades. _924423 |
| 901 | _aBK | ||
| 942 |
_cLIBRO _2ddc |
||
| 949 |
_a634.3 F38 _bBC _cLIBRO _d33724000662326 _eLIBRO _h22975 _i54760 _si |
||
| 949 |
_a634.3 F38 _bBC _cLIBRO _d33724000925137 _eLIBRO _fc.2 _h22976 _i54760 _si |
||
| 949 |
_a634.3 F38 _bBC _cLIBRO _d54760 _eBPP _fc.3 _gDonaciØn _h102317 _i54760 _sb |
||
| 999 |
_c49638 _d49638 |
||